Leading connected classrooms : (Record no. 137578)

MARC details
000 -LEADER
fixed length control field 00642nam a22001937a 4500
005 - DATE AND TIME OF LATEST TRANSACTION
control field 20170213172533.0
010 ## - LCCN (DPL NO)
LC control number ENG-117235
020 ## - INTERNATIONAL STANDARD BOOK NUMBER
International Standard Book Number 9789386062352
Terms of availability 425.00
035 ## - SYSTEM CONTROL NUMBER
System control number EN-100767
037 ## - SOURCE OF ACQUISITION
Source of stock number/acquisition DBAD/PUB
082 00 - DEWEY DECIMAL CLASSIFICATION NUMBER
Classification number 371.394
100 1# - MAIN ENTRY--PERSONAL NAME
Personal name Dillon,Robert
245 10 - TITLE STATEMENT
Title Leading connected classrooms :
Statement of responsibility, etc by Robert Dillon
Remainder of title engaging the hearts and souls of learners /
260 ## - PUBLICATION, DISTRIBUTION, ETC. (IMPRINT)
Place of publication, distribution, etc New Delhi
Name of publisher, distributor, etc SAGE Publications,
Date of publication, distribution, etc 2017
270 ## - ADDRESS
Address B1/I-1 Mohan Cooperative Industrial Area, Mathura Road
City New Delhi
Postal code 110044
300 ## - PHYSICAL DESCRIPTION
Extent xii,112p.
Dimensions 23 cm.(pbk)
504 ## - BIBLIOGRAPHY, ETC. NOTE
Bibliography, etc Includes index.
942 ## - ADDED ENTRY ELEMENTS (KOHA)
Source of classification or shelving scheme Dewey Decimal Classification
Item type English Books
Classification part 371.394
Call number suffix DIL
Holdings
Withdrawn status Lost status Not for loan Collection code Home library Current library Date acquired Source of acquisition Cost, normal purchase price Full call number Barcode Copy number Cost, replacement price Koha item type
    Not For Loan Non-fiction D.B.Act.Division Bawana 13/02/2017 DBAD/PUB 425.00 371.394 DIL EN-100767 1 425.00 English Books

© Delhi Public Library
Hit Counter
free hit counter